| 000 | 00679nam a22002172 4500 | ||
|---|---|---|---|
| 001 | 0000018466 | ||
| 005 | 20151217161144.0 | ||
| 008 | 091112s xx 000 0 eng d | ||
| 020 | _a0007207107 : | ||
| 040 |
_aKABU _cKABU |
||
| 100 | 1 |
_aBorowski, Ephraim J. _@0000154018 |
|
| 245 | 1 | 0 |
_aCollins dictionary of mathematics / _cEphraim J. Borowski and Jonathan M. Borwein. |
| 250 | _a2nd ed. | ||
| 260 |
_aGlasgow : _bHarperCollins, _c2002. |
||
| 300 | _a641 p. | ||
| 650 | 0 |
_aMathematics _vDictionaries. _@0000154019 |
|
| 700 | 1 |
_aBorwein, Jonathan M. _@0000154020 |
|
| 852 | 1 | _9p1200 KES | |
| 908 | _a091112 | ||
| 950 | _@1 | ||
| 999 |
_c15143 _d15143 |
||